000 00392nam a2200133Ia 4500
008 220217s9999||||xx |||||||||||||| ||und||
020 _a81-203-1082-9
082 _a004.6 JOR
100 _aJordon, Larry Churchill, Bruce
_92041
245 0 _aCommunications and networking for the PC
260 _aPrentice hall of india
_bNew Delhi
_c1996
300 _b295
650 _aCOMPUTER NETWORK
999 _c167986
_d167986